LEADER 01913nam 2200397 450 001 996280991303316 005 20231207112255.0 010 $a0-7381-6271-X 035 $a(CKB)3780000000090877 035 $a(NjHacI)993780000000090877 035 $a(EXLCZ)993780000000090877 100 $a20231207d2010 uy 0 101 0 $aeng 135 $aur||||||||||| 181 $ctxt$2rdacontent 182 $cc$2rdamedia 183 $acr$2rdacarrier 200 10$aISO/IEC/IEEE Information technology$hPart 1, $iNetwork Capable Application Processor (NCAP) information model $eSmart transducer interface for sensors and actuators /$fIEEE 210 1$aNew York, N.Y. :$cIEEE,$d2010. 215 $a1 online resource (356 pages) $cillustrations 225 1 $aISO/IEC/IEEE ;$v21451-1:2010(E) 320 $aIncludes bibliographical references. 330 $aThis standard defines an object model with a network-neutral interface for connecting processors to communication networks, sensors, and actuators. The object model containing blocks, services, and components specifies interactions with sensors and actuators and forms the basis for implementing application code executing in the processor. 410 0$aISO/IEC/IEEE ;$v21451-1:2010(E) 517 $a21451-1-2010 - ISO/IEC/IEEE Information technology -- Smart transducer interface for sensors and actuators -- Part 1 517 $aISO/IEC/IEEE 21451-1:2010(E): ISO/IEC/IEEE Information technology -- Smart transducer interface for sensors and actuators -- Part 1: Network Capable Application Processor (NCAP) information model 517 $aISO/IEC/IEEE 21451-1 606 $aCommunication of technical information$vCongresses 615 0$aCommunication of technical information 676 $a601.4 801 0$bNjHacI 801 1$bNjHacl 906 $aDOCUMENT 912 $a996280991303316 996 $aISO$91086301 997 $aUNISA LEADER 01710nam0 22003131i 450 001 UON00212357 005 20231205103339.969 100 $a20030730d1982 |0itac50 ba 101 $aita 102 $aIT 105 $a|||| ||||| 200 1 $aStoria del diritto moderno in Europa$fAdriano Cavanna 205 $aRistampa inalterata 210 $aMilano$cGiuffrè$d1982 215 $a2 vv.$dpag. compl.$d24 cm 606 $aEuropa$xDiritto$xStoria$3UONC038784$2FI 620 $aIT$dMilano$3UONL000005 700 1$aCavanna$bAdriano$3UONV108763$0230954 712 $aGiuffrè$3UONV257275$4650 801 $aIT$bSOL$c20251121$gRICA 912 $aUON00212357 950 $aSIBA - SISTEMA BIBLIOTECARIO DI ATENEO$dSI A 0557/I $eSI SC 33439 5 0557/I 950 $aSIBA - SISTEMA BIBLIOTECARIO DI ATENEO$dSI A 0557/II $eSI SC 35859 5 0557/II 950 $aSIBA - SISTEMA BIBLIOTECARIO DI ATENEO$dSI A 0262/I $eSI SC 41414 5 0262/I 950 $aSIBA - SISTEMA BIBLIOTECARIO DI ATENEO$dSI A 0262/II $eSI SC 42073 5 0262/II $sBuono 950 $aSIBA - SISTEMA BIBLIOTECARIO DI ATENEO$dSI PUB B 0087/I $eSI SPS8643 5 0087/I 950 $aSIBA - SISTEMA BIBLIOTECARIO DI ATENEO$dSI PUB H 0095 $eSI SC 7089 5 0095 996 $aStoria del diritto moderno in Europa$9648820 997 $aUNIOR